Normal view
MARC view
- Banks, Erik
Entry Personal Name
001 - CONTROL NUMBER
- control field: 115898
003 - CONTROL NUMBER IDENTIFIER
- control field: NUST
005 - DATE AND TIME OF LATEST TRANSACTION
- control field: 20230912165644.0
008 - FIXED-LENGTH DATA ELEMENTS
- fixed length control field: 230912|| aca||aabn | a|a d
040 ## - CATALOGING SOURCE
- Original cataloging agency: NUST
- Transcribing agency: NUST
100 ## - HEADING--PERSONAL NAME
- Personal name: Banks, Erik
670 ## - SOURCE DATA FOUND
- Source citation: Work cat.: (NUST): Banks, Erik., Catastrophic risk :, 2005
